|
|
|
|
| LEADER |
00000nam0a2200000 4500 |
| 001 |
82061 |
| 005 |
20231101213216.0 |
| 020 |
|
|
|a RU
|b 81-1972ж
|
| 035 |
|
|
|a (RuTPU)RU\TPU\book\88191
|
| 090 |
|
|
|a 82061
|
| 100 |
|
|
|a 20050927d1980 k y0rusy5003 ca
|
| 101 |
0 |
|
|a rus
|
| 102 |
|
|
|a RU
|
| 105 |
|
|
|a a z 001zy
|
| 200 |
1 |
|
|a История развития магматизма повышенной щелочности Кузнецкого Алатау
|f В. Н. Довгаль, В. А. Широких
|g Академия наук СССР, Сибирское отделение, Институт геологии и геофизики ; под ред. Ю. А. Кузнецова
|
| 210 |
|
|
|a Новосибирск
|c Наука
|d 1980
|
| 215 |
|
|
|a 216 с.
|c ил.
|d 27 см.
|
| 225 |
1 |
|
|a Труды Института геологии и геофизики
|v Вып. 457
|
| 316 |
|
|
|5 63413507: КР-7405
|a На форзаце дарственная надпись
|
| 317 |
|
|
|5 63413507: КР-7405
|a Поступил в НТБ в 2021 г. в дар от семьи профессора ТПУ Л. П. Рихванова
|
| 330 |
|
|
|a На примере Кузнецкого Алатау в книге прослежена история развития щелочного и субщелочного магматизма складчатой области, начиная с ранних этапов ее геосинклинального развития и кончая периодом орогенной активизации. На большом фактическом материале показано, что ощелоченные породы в Кузнецком Алатау впервые появляются в собственно геосинклинальную стадию его геологического развития. Затем, по мере эволюции геосинклинали, количество ощелоченных пород возрастает, площади их распространения увеличиваются, и своего максимального развития эти породы достигают к моменту полной стабилизации подвижной зоны. Книга рассчитана на геологов, занимающихся вопросами щелочного магматизма и магматизма складчатых областей вообще.
|
| 606 |
1 |
|
|a Горные породы, магматические
|x Петрография
|2 stltpush
|3 (RuTPU)RU\TPU\subj\66987
|9 82914
|
| 610 |
1 |
|
|a геология
|
| 610 |
1 |
|
|a магматизм
|
| 610 |
1 |
|
|a развитие
|
| 610 |
1 |
|
|a щелочность
|
| 610 |
1 |
|
|a Кузнецкий Алатау
|
| 610 |
1 |
|
|a история
|
| 610 |
1 |
|
|a Библиотека Л. П. Рихванова
|
| 610 |
1 |
|
|a дарственные надписи
|
| 610 |
1 |
|
|a дары автора
|
| 610 |
1 |
|
|a дары библиотеке
|
| 675 |
|
|
|a 552.3
|v 3
|
| 700 |
|
1 |
|a Довгаль
|b В. Н.
|g Владимир Николаевич
|
| 701 |
|
1 |
|a Широких
|b В. А.
|g Валентина Алексеевна
|
| 702 |
|
1 |
|a Кузнецов
|b Ю. А.
|g Юрий Александрович
|4 340
|
| 712 |
0 |
2 |
|a Академия наук СССР
|b Сибирское отделение
|b Институт геологии и геофизики
|c (Новосибирск)
|c (1957-1990)
|2 stltpush
|3 (RuTPU)RU\TPU\col\128
|9 23211
|
| 801 |
|
0 |
|a RU
|b RuMRKP
|c 19950704
|g psbo
|
| 801 |
|
1 |
|a RU
|b 63413507
|c 20050927
|g PSBO
|
| 801 |
|
2 |
|a RU
|b 63413507
|c 20220829
|g PSBO
|
| 942 |
|
|
|c BK
|